LDR 00966naa#a2200181#i#450# 001 RU\\bibl\19459 005 20260516032238.6 100 ## _a20260515b2026####ek#y0rusy0150####ca 102 ## _aRU 200 1# _aОЦЕНКА ВРЕДОНОСНОСТИ ЛИЧИНОК ЖУКОВ РОДА MORDELLISTENA SP. В УСЛОВИЯХ ВОРОНЕЖСКОЙ ОБЛАСТИ _eСтатья/тезисы конференции 210 1# _aВоронеж _cВоронежский государственный лесотехнический университет имени Г.Ф. Морозова _d2026 215 ## _a9 с. 608 ## _aСтатья/тезисы конференции _2local 675 ## _aЗоология. 59 _aТехника. Экспериментальные методы. Оборудование. 632.08 _z 700 #1 _aРазмашкин _gД. О. 700 #1 _aВоблова _gО. А. 700 #1 _aОлейникова _gЕлена Михайловна 856 4# _abibl.vgltu.ru _u